000 00503nam a2200181Ia 4500
005 20250326125127.0
008 250326s9999 xx 000 0 und d
037 _aTextbook
040 _aFMSL
_beng
_cFMSL
041 _aeng
_2eng
084 _aX:9.44 L7
_qFMSL
100 _aSingh S
245 0 _aIndustrial relations and personnel management in India
_cSingh S
260 _aLucknow
_bLucknow, Jyotsna
_c1977
300 _a246p
942 _cTB
_hX:9.44 L7
999 _c1276662
_d1276662